000 00621cam a22002173a 4500
001 40573
003 PGUSA
005 20140828083915.0
008 120824s2012||||xxu|||||s|||||000 | eng d
040 _aPGUSA
_beng
042 _adc
100 1 _aSharp, Evelyn,
_d1869-1955
245 1 4 _aThe Other Side of the Sun :
_bFairy Stories
_h[electronic resource] /
_cEvelyn Sharp
260 _bProject Gutenberg,
_c2012
506 _aPublic domain in the USA.
516 _aElectronic text
700 1 _aSyrett, Nellie
830 0 _aProject Gutenberg
_v40573
856 4 0 _uhttp://www.gutenberg.org/ebooks/40573
942 _cEB
999 _c269826
_d269826